000 01137cgm a2200337 4500
001 J2623
008 090401t1994 xxu||||| |||| 00| 0 eng d
035 _a(Sirsi) u50108
041 _aeng
050 _a333.337
100 _aAlty, Richard
245 _aManagement matters concerning commercial property (sound recording).
260 _aLondon
_bRICS
_c1994
300 _a1 sound cassette (60 min.)
350 _a13
490 _aOwlion Audio Programme
520 _aAimed at surveyors responsible for managing commercial properties, the tape covers a number of topics including leases, repairs and maintenance, insurance, health and safety and dilapidations.
650 _aAUDIO CASSETTES
650 _aBUSINESS TENANCIES
650 _aPROPERTY-COMMERCIAL PROPERTY
650 _aProperty management
_96262
690 _aPROPERTY-COMMERCIAL PROPERTY
700 _aBaker, Keith
700 _aGillett, Alan
700 _aWalker, Jane
700 _aWinstone, Paul
710 _aRoyal Institution of Chartered Surveyors
_94900
710 _aCollege of Estate Management
_9400
942 _n0
948 _c04/03/1997
999 _c85254
_d85254